| 000 | 00538cam a22002172i 4500 | ||
|---|---|---|---|
| 001 | CIP113014948 | ||
| 003 | yeezen | ||
| 005 | 20250717092655.0 | ||
| 008 | 240924s2024 ch e 000 0 chi d | ||
| 020 |
_a9789863685593 _q(平裝) |
||
| 040 |
_aCIP _bchi |
||
| 042 | _anbic | ||
| 084 |
_a415 _2ncsclt |
||
| 090 | _a415 | ||
| 245 | 1 | 0 |
_a重症醫學實證精要 / _c尹彙文主編 |
| 250 | _a二版 | ||
| 260 |
_a新北市 : _b合記, _c2024.10. |
||
| 300 |
_a面 ; _c公分 |
||
| 650 | 7 |
_2lcstt _a重症醫學 |
|
| 942 |
_2ccl _cLNTERM |
||
| 999 |
_c7651 _d7651 |
||